000 00479nam a2200169Ia 4500
999 _c36295
_d36295
003 OSt
005 20201215115506.0
008 190216s9999||||xx |||||||||||||| ||und||
040 _coclc
082 _a894.8128
_bAGN/A
100 _aAgnives, C R
_97514
245 0 _aAadunika Daampathya Shastram /
_cC R Agnives
260 _bDc Books,
_a Kottayam:
_c1997.
300 _a511p
650 _aMalayalam
942 _cREF
_2ddc
_h894.8128
_iAGN/A
_k894.8128
_mAGN/A